Schaum's Outline of Basic Business Mathematics, 2ed : (Record no. 605495)

MARC details
000 -LEADER
fixed length control field 00482nam a2200181 a 4500
008 - FIXED-LENGTH DATA ELEMENTS--GENERAL INFORMATION
fixed length control field 251227s2009##################000#0#eng##
020 ## - INTERNATIONAL STANDARD BOOK NUMBER
ISBN 9780071611589
082 04 - DEWEY DECIMAL CLASSIFICATION NUMBER
Classification number 650.01513
Item number DON
100 1# - MAIN ENTRY--AUTHOR NAME
Personal name Lerner, Joel J.,
245 10 - TITLE STATEMENT
Title Schaum's Outline of Basic Business Mathematics, 2ed :
260 ## - PUBLICATION, DISTRIBUTION, ETC. (IMPRINT)
Name of publisher McGraw-Hill Education,
Year of publication 2009.
650 #0 - SUBJECT ADDED ENTRY--TOPICAL TERM
Topical Term Study Aids.
942 ## - ADDED ENTRY ELEMENTS (KOHA)
Koha item type English Books
Holdings
Withdrawn status Lost status Damaged status Not for loan Home library Current library Shelving location Date acquired Full call number Accession Number Price effective from Koha item type
        Anna Centenary Library Anna Centenary Library 6TH FLOOR, A WING 27.12.2025 650.01513 DON 487894 27.12.2025 English Books

Find us on the map